Typizácia súčiastkovej základne v podmienkach a.s. Vzduchotechnika : Diplomová práca

Gespeichert in:
Bibliographische Detailangaben
1. Verfasser: Ondrejka, Ľuboš (Verfasst von)
Weitere Verfasser: Tancár, Mikuláš (xxx)
Format: Manuskript Buch
Sprache:Slowakisch
Veröffentlicht: Trnava : STU v Bratislave MtF KOOS , 1993
Schlagworte:
Tags: Tag hinzufügen
Keine Tags, Fügen Sie das erste Tag hinzu!

MARC

LEADER 00000ntm a22000003a 4500
001 stu124424
005 20160719155454.3
008 060804s1993----xo------------------slo-d
040 |a STU  |b slo 
041 0 |a slo 
044 |a xo 
100 1 |a Ondrejka, Ľuboš  |4 aut 
245 1 |a Typizácia súčiastkovej základne v podmienkach a.s. Vzduchotechnika :  |b Diplomová práca 
260 |a Trnava :  |b STU v Bratislave MtF KOOS ,  |c 1993 
300 |a 69 s  |c príl 
650 7 |a strojárska technológia  |2 stusub 
650 7 |a progresívne technologické metódy  |2 stusub 
700 1 |a Tancár, Mikuláš  |4 xxx 
996 |b 284M073865  |c M*DP-2983  |l MMSKP  |s P  |a 0  |w stu124424_0001